|
|
|
|
| LEADER |
00000nab a2200000 a 4500 |
| 001 |
vtls001018038 |
| 003 |
SK-MaSNL |
| 005 |
20260303035437.0 |
| 008 |
040720e19970701xo 0 slo |
| 035 |
|
|
|a SN3985
|
| 040 |
|
|
|a SNSK
|b slo
|c SNSK
|d SNKBUCL
|e AACR2
|
| 041 |
0 |
|
|a slo
|
| 044 |
|
|
|a xo
|c SK
|
| 080 |
|
|
|a 2-051
|2 1981
|
| 080 |
|
|
|a 061.75
|2 1981
|
| 245 |
0 |
0 |
|a Tabuľa ako spomienka
|c ub
|
| 600 |
1 |
7 |
|a Kočiš, Štefan,
|d 1892-1952
|2 SNSK
|9 213320
|
| 650 |
0 |
7 |
|a pamätné tabule
|2 SNSK
|9 29445
|
| 651 |
|
7 |
|a Domaňovce (Slovensko)
|2 SNSK
|9 58947
|
| 773 |
0 |
|
|t Pravda
|g Roč. 7, č. 150 (1.7.1997), s. 5
|
| 852 |
|
|
|a ZVYKNI
|b KIS3GCP
|
| 999 |
|
|
|c 1677563
|d 1679493
|